<?xml version="1.0" encoding="UTF-8"?>
<record
    xmlns:xsi="http://www.w3.org/2001/XMLSchema-instance"
    xsi:schemaLocation="http://www.loc.gov/MARC21/slim http://www.loc.gov/standards/marcxml/schema/MARC21slim.xsd"
    xmlns="http://www.loc.gov/MARC21/slim">

  <leader>01198cam a2200253 a 4500</leader>
  <controlfield tag="001">000003393</controlfield>
  <controlfield tag="005">20200929150428.0</controlfield>
  <controlfield tag="008">960129s1993    sp      rb    101 0 spa  </controlfield>
  <datafield tag="020" ind1=" " ind2=" ">
    <subfield code="a">8478201467</subfield>
  </datafield>
  <datafield tag="040" ind1=" " ind2=" ">
    <subfield code="a">DO-SdBNP</subfield>
    <subfield code="b">spa</subfield>
    <subfield code="c">BNPHU</subfield>
  </datafield>
  <datafield tag="082" ind1=" " ind2=" ">
    <subfield code="a">860.994655</subfield>
  </datafield>
  <datafield tag="111" ind1="2" ind2=" ">
    <subfield code="a">Curso sobre Lengua y Literatura en Arag&#xF3;n</subfield>
    <subfield code="n">(2nd :</subfield>
    <subfield code="d">1991,</subfield>
    <subfield code="c">Universidad de Zaragoza)</subfield>
    <subfield code="9">10569</subfield>
  </datafield>
  <datafield tag="245" ind1="1" ind2="3">
    <subfield code="a">II Curso sobre Lengua y Literatura en Arag&#xF3;n :</subfield>
    <subfield code="b">(siglos de oro) /</subfield>
    <subfield code="c">curso dirigido por Aurora Egido y Tom&#xE1;s Buesa ; edici&#xF3;n de las actas, Jose Ma. Enguita.</subfield>
  </datafield>
  <datafield tag="260" ind1=" " ind2=" ">
    <subfield code="a">Zaragoza :</subfield>
    <subfield code="b">Instituci&#xF3;n Fernando el Cat&#xF3;lico,</subfield>
    <subfield code="c">1993.</subfield>
  </datafield>
  <datafield tag="300" ind1=" " ind2=" ">
    <subfield code="a">[281] p. ;</subfield>
    <subfield code="c">24 cm.</subfield>
  </datafield>
  <datafield tag="500" ind1=" " ind2=" ">
    <subfield code="a">"Celebrado del 4 al 6 de febrero de 1991, en el Aula Magna de la Facultad de Filosof&#xED;a y Letras de la Universidad de Zaragoza"--P. [1].</subfield>
  </datafield>
  <datafield tag="650" ind1=" " ind2="4">
    <subfield code="a">Literatura espa&#xF1;ola</subfield>
    <subfield code="x">Historia y cr&#xED;tica</subfield>
    <subfield code="y">1500-1700</subfield>
    <subfield code="9">10570</subfield>
  </datafield>
  <datafield tag="650" ind1=" " ind2="4">
    <subfield code="a">Espa&#xF1;ol</subfield>
    <subfield code="y">PER&#xCD;ODO CL&#xC1;SICO, 1500-1700</subfield>
    <subfield code="x">Congreso</subfield>
    <subfield code="9">10571</subfield>
  </datafield>
  <datafield tag="650" ind1=" " ind2="4">
    <subfield code="a">Espa&#xF1;ol</subfield>
    <subfield code="z">Espa&#xF1;a</subfield>
    <subfield code="z">Arag&#xF3;n</subfield>
    <subfield code="x">Congreso</subfield>
    <subfield code="9">10572</subfield>
  </datafield>
  <datafield tag="700" ind1="1" ind2=" ">
    <subfield code="a">Egido, Aurora.</subfield>
    <subfield code="9">10573</subfield>
  </datafield>
  <datafield tag="700" ind1="1" ind2=" ">
    <subfield code="a">Buesa Oliver, Tomas.</subfield>
    <subfield code="9">10574</subfield>
  </datafield>
  <datafield tag="700" ind1="1" ind2=" ">
    <subfield code="a">Enguita Utrilla, Jose Ma.</subfield>
    <subfield code="q">(Jose Mar&#xED;a),</subfield>
    <subfield code="e">ed.</subfield>
    <subfield code="9">10575</subfield>
  </datafield>
  <datafield tag="910" ind1=" " ind2=" ">
    <subfield code="a">Validado. control de calidad. MFF</subfield>
  </datafield>
  <datafield tag="952" ind1=" " ind2=" ">
    <subfield code="0">0</subfield>
    <subfield code="1">0</subfield>
    <subfield code="5">0</subfield>
    <subfield code="7">1</subfield>
    <subfield code="8">MO</subfield>
    <subfield code="a">GR</subfield>
    <subfield code="b">GR</subfield>
    <subfield code="c">HD</subfield>
    <subfield code="d">2009-07-08</subfield>
    <subfield code="i">LF1</subfield>
    <subfield code="l">0</subfield>
    <subfield code="o">860.994655 </subfield>
    <subfield code="p">3393-10</subfield>
    <subfield code="r">2020-06-25</subfield>
    <subfield code="w">2020-06-25</subfield>
    <subfield code="y">1</subfield>
    <subfield code="Z">No se presta</subfield>
  </datafield>
  <datafield tag="999" ind1=" " ind2=" ">
    <subfield code="c">3223</subfield>
    <subfield code="d">3223</subfield>
  </datafield>
</record>
